000 00919nac a22002657a 4500
001 BR9904907
003 BR-BrBNA
005 20240105122323.0
008 230509b bl.|||m| |||| 00| 0 por d
040 _aBR-BrBNA
_bpor
_cBiblioteca Nacional de Agricultura
072 _aE20
090 _aE20 BR9904907
100 1 _aRosseto, A.M.
100 1 _aRosseto, C.R.
110 1 _aUniversidade de Passo Fundo, RS (Brasil). Faculdade de Economia e Administracao
_910505
245 1 _aUma nova postura para o planejamento estrategico
260 3 _aPasso Fundo, RS (Brasil):
_c1998.
300 _a8 p.
490 _aTexto para Discussao - Universidade de Passo Fundo. Faculdade de Economia e Administracao (Brazil)
_vno. 4
_x
500 _aSummaries (En, Pt); 19 ref.
650 _aEmpresa Agricola
650 _aPlanejamento Estrategico
909 _a202312
_bLúcia Elande
_c55
_dLúcia Elande
942 _2AGRIS
_n0
_cMS
999 _c290403
_d290403